Bilecik Bilecik Bilecik Bilecik Bilecik

Piri Reis'in hayatı ve eserleri : (Record no. 15211)

MARC details
000 -BAŞLIK
Sabit Uzunluktaki Kontrol Alanı 01398nam a22004097a 4500
001 - KONTROL NUMARASI
Control Dosyası 0015248
003 - KONTROL NUMARASI KİMLİĞİ
Kontrol Alanı KOHA_MİRAKIL
005 - EN SON İŞLEM TARİHİ ve ZAMANI
Kontrol Alanı 20260207002022.0
007 - FİZİKSEL TANIM SABİT ALAN - GENEL BİLGİ
Sabit uzunluklu kontrol alanı ta
008 - SABİT UZUNLUKTAKİ VERİ ÖGELERİ - GENEL BİLGİ
Sabit Alan 091009b1992 tu |||gr||||#0|||0|tur |
020 ## - ISBN - ULUSLARARASI STANDART KİTAP NUMARASI
Isbn 9751604435
Kullanılabilirlik koşulları TL8
040 ## - KATALOGLAMA KAYNAĞI
Özgün Kataloglama Kurumu TR-BiSEU
Kataloglama Dili tur
Çeviri Kurumu TR-BiSEU
Açıklama Kuralları rda
041 0# - DİL KODU
Metin ya da ses kaydının dil kodu tur
044 ## - YAYINLAYAN/ÜRETEN KURULUŞUN ÜLKE KODU
ISO country code tu
050 ## - SINIFLAMA ve YER NUMARASI
Sınıflama Numarası DR509.P57
Yer Numarası A34 1992
100 1# - KİŞİ ADI
Yazar Adı (Kişi adı) Afetinan, A..
245 1# - ESER ADI BİLDİRİMİ
Başlık Piri Reis'in hayatı ve eserleri :
Alt Eseradı vb. Amerika'nın en eski haritaları/
Sorumluluk Bildirimi A. Afetinan ; A. Afetinan.
264 #1 - ÜRERİM, YAYIN, DAĞITIM ve TELİF BİLDİRİMİ
Yayın yeri Ankara :
Yayınlayan Atatürk Kültür, Dil ve Tarih Yüksek Kurumu.Türk Tarih Kurumu
Yayın tarihi 1992
300 ## - FİZİKSEL TANIMLAMA
Sayfa, Cilt vb. ix, 89 sayfa, 62: resimli, harita; 24 cm.
336 ## - İÇERİK TÜRÜ
Content type term metin
Content type code txt
Source rdacontent
337 ## - MEDYA TÜRÜ
Media type term aracısız
Media type code n
Source rdamedia
338 ## - TAŞIYICI TÜRÜ
Carrier type term cilt
Carrier type code nc
Source rdacarrier
490 1# - DİZİ BİLDİRİMİ
Dizi Bildirimi Türk Tarih Kurumu yayınları ;
Cilt Numarası VII.
490 1# - DİZİ BİLDİRİMİ
Dizi Bildirimi dizi ;
Cilt Numarası sa.
490 1# - DİZİ BİLDİRİMİ
Dizi Bildirimi 69-3.
500 ## - GENEL NOT
Genel Not French and Turkish.
500 ## - GENEL NOT
Genel Not "Un amiral geographe turc du XVIe siècle Pırı Reis, auteur de plus anciennce carte de l'Amérique."
500 ## - GENEL NOT
Genel Not Kaynakça ve dizin var.
650 #0 - KONU BAŞLIĞI EK GİRİŞ - KONU TERİMİ
Konusal terim veya coğrafi ad Piri Reis, d. 1554?
9 (RLIN) 35383
650 #0 - KONU BAŞLIĞI EK GİRİŞ - KONU TERİMİ
Konusal terim veya coğrafi ad America--Maps To 1800--History.
9 (RLIN) 35384
650 #0 - KONU BAŞLIĞI EK GİRİŞ - KONU TERİMİ
Konusal terim veya coğrafi ad Admirals--Turkey--Biography.
9 (RLIN) 13465
830 1# - SERİ EK GİRİŞİ - TEKBİÇİM ESER ADI
Tekbiçim Başlık Türk Tarih Kurumu yayınları ;
Volume number/sequential designation VII.
9 (RLIN) 6704
830 1# - SERİ EK GİRİŞİ - TEKBİÇİM ESER ADI
Tekbiçim Başlık dizi ;
Volume number/sequential designation sa.
9 (RLIN) 10357
830 1# - SERİ EK GİRİŞİ - TEKBİÇİM ESER ADI
Tekbiçim Başlık 69-3.
9 (RLIN) 35385
907 ## - LOCAL DATA ELEMENT G, LDG (RLIN)
a Tarih
942 ## - EK GİRİŞ ÖGELERİ (KOHA)
Source of classification or shelving scheme Library of Congress Classification
Koha item type Book
Holdings
Materyal Türü Kalıcı Konum Mevcut Konum Raf Yeri Sınıflandırma Kaynağı Edinim Bilgisi Ana Konular Alt Konular Yer Numarası Demirbaş Numarası Fatura Tarihi Maliyet, Alış Fiyatı Maliyet, Yenileme Fiyatı Geri Çekilme Durumu Kayıp Durumu Hasarlı Durumu Kredi için değil Kayıt Tarih Toplam Ödünçverme Son Görülme Tarihi Son Kontrol Tarihi Satın Alma Notu
Book Prof. Dr. Azmi Özcan Kütüphanesi Prof. Dr. Azmi Özcan Kütüphanesi Uluğbey Salonu Library of Congress Classification Satın DÜNYA TARİHİ (AVRUPA, ASYA, AFRİKA VB.) Balkan Yarımadası DR509.P57 A34 1992 0015248 09/09/2009 8.00 8.00         09/10/2009 4 05/12/2024 05/12/2024 283